000 00391nam a22001457a 4500
020 _a969-35-0904-8
040 _cNUST
082 _a891.4393,BAN
100 _aBano, Qudsia
245 _aChahar Chaman / چہار چمن (Urdu) /
_cBano Qudsia
260 _aLahore
_bSang-e-Meel Pub
_c2010
300 _a598 p.;
650 _aUrdu Literature
_xNovel
_9110271
942 _2ddc
_cBK
_k891.4393,BAN
999 _c593724
_d593724